[Event "European Hybrid Qual 2021"]
[Site "Tornelo INT"]
[Date "2021.05.27"]
[Round "2.2"]
[White "Rakhmanov, Aleksandr"]
[Black "Quparadze, Giga"]
[Result "1/2-1/2"]
[WhiteTitle "GM"]
[BlackTitle "GM"]
[WhiteElo "2651"]
[BlackElo "2463"]
[WhiteFideId "4173708"]
[BlackFideId "13602250"]
[EventDate "2021.05.24"]
[EventType "k.o."]

1. Nf3 c5 2. c4 g6 3. d4 Bg7 4. dxc5 Na6 5. g3 Nxc5 6. Bg2 Nf6 7. Nc3 b6 8. O-O
Bb7 9. Be3 Rc8 10. Rc1 O-O 11. b3 Nce4 12. Nxe4 Bxe4 13. Qd2 d5 14. Bh3 e6 15.
c5 Bxf3 16. exf3 Nd7 17. cxb6 axb6 18. Rxc8 Qxc8 19. Rc1 Qa8 20. f4 Qa3 21. Rc2
Nc5 22. Bd4 Ne4 23. Qe3 Bxd4 24. Qxd4 Qa5 25. Qe3 Rd8 26. Bf1 b5 27. Bg2 Nd6 28.
Bf1 b4 29. Bd3 Rc8 30. Rxc8+ Nxc8 31. f5 gxf5 32. g4 Ne7 33. gxf5 Nxf5 34. Bxf5
exf5 35. Qg3+ Kf8 36. Qd6+ Kg7 37. Qg3+ Kf6 38. Qd6+ Kg5 39. h4+ Kxh4 40. Qf4+
Kh5 41. Qxf5+ Kh6 42. Qf6+ Kh5 43. Qf5+ Kh6 44. Qf6+ Kh5 45. Qf5+ 1/2-1/2

[Event "European Hybrid Qual 2021"]
[Site "Tornelo INT"]
[Date "2021.05.26"]
[Round "2.1"]
[White "Rozum, Ivan"]
[Black "Braun, Arik"]
[Result "1/2-1/2"]
[WhiteTitle "GM"]
[BlackTitle "GM"]
[WhiteElo "2549"]
[BlackElo "2609"]
[WhiteFideId "24104272"]
[BlackFideId "4663527"]
[EventDate "2021.05.24"]
[EventType "k.o."]

1. e4 c5 2. Nf3 e6 3. c4 Nc6 4. d4 cxd4 5. Nxd4 Nf6 6. Nc3 Bb4 7. Nxc6 bxc6 8.
Bd3 e5 9. O-O O-O 10. Na4 d5 11. Qe2 Bg4 12. Qc2 Rc8 13. Be3 Qe7 14. f3 Be6 15.
a3 Bd6 16. b4 Rfe8 17. Rae1 h6 18. Kh1 Nh5 19. exd5 cxd5 20. Bc5 e4 21. fxe4
dxc4 22. Bxc4 Ng3+ 23. hxg3 Rxc5 24. Nxc5 Bxg3 25. Bxe6 fxe6 26. Kg1 Qh4 27. Rf2
Qh2+ 28. Kf1 Bxf2 29. Kxf2 Rf8+ 30. Ke2 Qxg2+ 31. Kd1 Qf3+ 32. Kc1 Qxa3+ 33. Qb2
Qg3 34. Rd1 a5 35. Nxe6 Qe3+ 36. Qd2 Rc8+ 37. Nc5 Qa3+ 38. Kb1 axb4 39. Qd5+ Kh8
40. Rd3 Qa7 41. Nb3 Qc7 42. Rd2 Re8 43. Qd4 Qf4 44. Nc5 Qf1+ 45. Rd1 Qf7 46. Kb2
Qh5 47. Rg1 Qf7 48. Rh1 Qg6 49. Rf1 Kh7 50. Rg1 Qf7 51. Rg2 Qe7 52. Ne6 g5 53.
Nc5 Qe5 54. Qxe5 Rxe5 55. Nd7 Re7 56. Nc5 Kg6 57. Kb3 h5 58. Kxb4 h4 59. Kc4 h3
60. Rh2 g4 61. Kd4 Kg5 62. e5 Kh4 63. Ne4 g3 64. Nxg3 Kxg3 65. Rh1 Kg2 66. Re1
h2 67. Kd5 h1=Q 68. Rxh1 Kxh1 69. e6 Kg2 70. Kd6 Rxe6+ 71. Kxe6 1/2-1/2

[Event "European Hybrid Qual 2021"]
[Site "Tornelo INT"]
[Date "2021.05.27"]
[Round "2.2"]
[White "Braun, Arik"]
[Black "Rozum, Ivan"]
[Result "1-0"]
[WhiteTitle "GM"]
[BlackTitle "GM"]
[WhiteElo "2609"]
[BlackElo "2549"]
[WhiteFideId "4663527"]
[BlackFideId "24104272"]
[EventDate "2021.05.24"]
[EventType "k.o."]

1. d4 Nf6 2. c4 e6 3. Nc3 Bb4 4. Qc2 d5 5. cxd5 exd5 6. Bg5 h6 7. Bh4 Nc6 8. e3
g5 9. Bg3 h5 10. Bb5 h4 11. Be5 O-O 12. Bxc6 bxc6 13. a3 Bd6 14. Nf3 Nh5 15.
O-O-O Ng7 16. e4 f6 17. Bxd6 cxd6 18. Nd2 dxe4 19. Ndxe4 d5 20. Nc5 Qd6 21. g3
Bf5 22. Qd2 h3 23. Rde1 Rae8 24. f3 Bg6 25. Rxe8 Rxe8 26. Re1 Rxe1+ 27. Qxe1 Nf5
28. Qf2 Kf7 29. Kd2 Qb8 30. Kd1 Qe8 31. Kd2 Qb8 32. Kc1 Qe8 33. Nd1 Qb8 34. b3
Qc7 35. Kb2 Qb8 36. Kc3 Qc7 37. a4 Qe7 38. Qd2 Qe8 39. Qf2 Qe7 40. Qd2 Qe8 41.
Nd3 Qd8 42. b4 Qe7 43. Qe1 Qd6 44. Nc5 Ng7 45. Nf2 Qb8 46. Ng4 Bf5 47. Nf2 Bc8
48. Nd1 Qc7 49. Ne3 Qe7 50. Kd2 Qd8 51. Qb1 Qb6 52. Kc3 Qd8 53. Qh7 Qe7 54. Kd2
Qd8 55. f4 gxf4 56. gxf4 Qb6 57. Kc3 a5 58. Qb1 Qb8 59. Nd3 Nf5 60. Nc2 Nd6 61.
Qd1 Bf5 62. Qh5+ Kg7 63. Qe2 Qa7 64. Nc5 Kf7 65. Ne3 axb4+ 66. Kb3 Qe7 67. Qh5+
Bg6 68. Qxh3 Ne4 69. f5 Nxc5+ 70. dxc5 Qxc5 71. fxg6+ Kxg6 72. Qf5+ Kf7 73. Qd3
Qc1 74. Kxb4 Qb2+ 75. Kc5 Qe5 76. Nxd5 Qxh2 77. Kxc6 Qh8 78. Nc7 Qh4 79. Qd5+
Kg7 80. Ne6+ Kh6 81. Nd4 Qe1 82. a5 Qc3+ 83. Kd7 Qa3 84. Qf5 Qa4+ 85. Nc6 Kg7
86. Kc7 Qa2 87. Kb6 Qb3+ 88. Qb5 Qe3+ 89. Kb7 1-0

[Event "European Hybrid Qual 2021"]
[Site "Tornelo INT"]
[Date "2021.05.26"]
[Round "2.1"]
[White "Sarana, Alexey"]
[Black "Brkic, Ante"]
[Result "1/2-1/2"]
[WhiteTitle "GM"]
[BlackTitle "GM"]
[WhiteElo "2649"]
[BlackElo "2592"]
[WhiteFideId "24133795"]
[BlackFideId "14506688"]
[EventDate "2021.05.24"]
[EventType "k.o."]

1. d4 Nf6 2. c4 e6 3. Nf3 d5 4. Nc3 Bb4 5. Qa4+ Nc6 6. e3 O-O 7. Qc2 b6 8. Bd2
Bb7 9. a3 Bd6 10. cxd5 exd5 11. Nb5 Be7 12. Bd3 a6 13. Nc3 Bd6 14. O-O Ne7 15.
Ne2 Ne4 16. Rad1 Ng6 17. Bb4 c5 18. dxc5 bxc5 19. Be1 Qe7 20. Bxe4 dxe4 21. Nd2
Rad8 22. Nc4 Bb8 23. Ba5 Rd3 24. Ng3 Nh4 25. f4 Bd5 26. Rc1 Bxc4 27. Qxc4 Rxe3
28. Bb6 Ba7 29. Bxa7 Qxa7 30. f5 Qb8 31. Rc2 Re8 32. Qxc5 Rb3 33. Qf2 e3 34. Qf4
Qxf4 35. Rxf4 g5 36. fxg6 Nxg6 37. Rd4 Re5 38. a4 h5 39. h4 a5 40. Kf1 Rb6 41.
Ke1 Rf6 42. Nf1 Nf4 43. g3 Ne6 44. Rd3 Rf3 45. Re2 Rc5 46. Rd1 Re5 47. Rd3 Rc5
48. Rd1 Re5 49. Rd3 1/2-1/2

[Event "European Hybrid Qual 2021"]
[Site "Tornelo INT"]
[Date "2021.05.27"]
[Round "2.2"]
[White "Brkic, Ante"]
[Black "Sarana, Alexey"]
[Result "1-0"]
[WhiteTitle "GM"]
[BlackTitle "GM"]
[WhiteElo "2592"]
[BlackElo "2649"]
[WhiteFideId "14506688"]
[BlackFideId "24133795"]
[EventDate "2021.05.24"]
[EventType "k.o."]

1. e4 c5 2. Nf3 d6 3. d4 cxd4 4. Nxd4 Nf6 5. Nc3 a6 6. Be3 e5 7. Nb3 Be7 8. f3
Be6 9. Qd2 Nbd7 10. O-O-O b5 11. g4 O-O 12. g5 Nh5 13. Nd5 Bxd5 14. exd5 f6 15.
gxf6 Bxf6 16. Na5 Qe8 17. Bh3 Nf4 18. Bxf4 exf4 19. Rhe1 Ne5 20. Re4 Qh5 21.
Be6+ Kh8 22. Qe2 Rab8 23. c3 Rb6 24. Kb1 Bd8 25. a3 g6 26. Nc6 Nxc6 27. dxc6
Rxc6 28. Bd7 Rb6 29. Re8 Qh6 30. Qe4 Qg7 31. Re1 Rb8 32. Qc6 Bf6 33. Rxb8 Rxb8
34. Bc8 Qf7 35. Bxa6 Be5 36. Bxb5 Kg7 37. a4 Kh6 38. Kc2 Qe6 39. Qc4 Qh3 40. Qe2
Rc8 41. a5 Qe6 42. Ra1 Qd5 43. Qd3 Qc5 44. a6 Rb8 45. Qc4 Qf2+ 46. Qe2 Qc5 47.
Ra5 Qc7 48. Ra4 Qc5 49. Rb4 Rc8 50. Rb3 Rc7 51. Bd3 Qa5 52. Qe4 Qa2 53. Ra3 Qf7
54. Ra4 Qe7 55. Rc4 Ra7 56. Rb4 Qh4 57. Rb7 Qxh2+ 58. Kb3 Qg1 59. Rxa7 Qxa7 60.
Qb7 Qxb7+ 61. axb7 d5 62. Kb4 Kg5 63. Kc5 Kf6 64. Kxd5 h5 65. Bf1 g5 66. Bh3 Bb8
67. b4 g4 68. fxg4 h4 69. c4 f3 70. c5 f2 71. b5 Kg5 72. Ke4 1-0

[Event "European Hybrid Qual 2021"]
[Site "Tornelo INT"]
[Date "2021.05.26"]
[Round "2.1"]
[White "Harutyunyan, Tigran K."]
[Black "Antipov, Mikhail Al."]
[Result "1/2-1/2"]
[WhiteTitle "GM"]
[BlackTitle "GM"]
[WhiteElo "2552"]
[BlackElo "2609"]
[WhiteFideId "13303635"]
[BlackFideId "4107012"]
[EventDate "2021.05.24"]
[EventType "k.o."]

1. d4 Nf6 2. Nf3 g6 3. Nc3 d5 4. Bf4 Bg7 5. e3 c6 6. h3 Bf5 7. Bd3 Bxd3 8. Qxd3
Nbd7 9. O-O O-O 10. a4 a5 11. Rfe1 Qb6 12. Ra3 Qa6 13. Qxa6 Rxa6 14. Rb3 Rb6 15.
Rxb6 Nxb6 16. Rb1 Nc4 17. b3 Na3 18. Rb2 b5 19. b4 1/2-1/2

[Event "European Hybrid Qual 2021"]
[Site "Tornelo INT"]
[Date "2021.05.27"]
[Round "2.2"]
[White "Antipov, Mikhail Al."]
[Black "Harutyunyan, Tigran K."]
[Result "1-0"]
[WhiteTitle "GM"]
[BlackTitle "GM"]
[WhiteElo "2609"]
[BlackElo "2552"]
[WhiteFideId "4107012"]
[BlackFideId "13303635"]
[EventDate "2021.05.24"]
[EventType "k.o."]

1. e4 e5 2. Nf3 Nc6 3. Bc4 Bc5 4. d3 Nf6 5. O-O d6 6. c3 a5 7. Re1 O-O 8. h3 h6
9. Nbd2 Be6 10. Bb5 Qb8 11. Nf1 Qa7 12. d4 exd4 13. Bxc6 dxc3 14. Ba4 Bxf2+ 15.
Kh2 Bxe1 16. Qxe1 b5 17. Bc2 Rfe8 18. bxc3 Qb7 19. Qh4 Nd7 20. Bxh6 gxh6 21.
Qxh6 f6 22. e5 dxe5 23. Qh7+ Kf8 24. Nh4 Bf7 25. Bb3 Ke7 26. Bxf7 Nf8 27. Nf5+
Kd8 28. Rd1+ Kc8 29. Qh5 1-0

[Event "European Hybrid Qual 2021"]
[Site "Tornelo INT"]
[Date "2021.05.26"]
[Round "2.1"]
[White "Parligras, Mircea-Emilian"]
[Black "Hera, Imre Jr."]
[Result "1/2-1/2"]
[WhiteTitle "GM"]
[BlackTitle "GM"]
[WhiteElo "2591"]
[BlackElo "2610"]
[WhiteFideId "1204297"]
[BlackFideId "716855"]
[EventDate "2021.05.24"]
[EventType "k.o."]

1. d4 d5 2. Nf3 Nf6 3. c4 e6 4. Nc3 c6 5. e3 Nbd7 6. Qc2 b6 7. Bd3 Bb7 8. O-O
dxc4 9. Bxc4 c5 10. Rd1 Qc8 11. d5 exd5 12. Nxd5 Nxd5 13. Bxd5 Bxd5 14. Rxd5 Be7
15. e4 O-O 1/2-1/2

[Event "European Hybrid Qual 2021"]
[Site "Tornelo INT"]
[Date "2021.05.27"]
[Round "2.2"]
[White "Hera, Imre Jr."]
[Black "Parligras, Mircea-Emilian"]
[Result "1/2-1/2"]
[WhiteTitle "GM"]
[BlackTitle "GM"]
[WhiteElo "2610"]
[BlackElo "2591"]
[WhiteFideId "716855"]
[BlackFideId "1204297"]
[EventDate "2021.05.24"]
[EventType "k.o."]

1. c4 e6 2. g3 d5 3. Bg2 Nf6 4. Nf3 d4 5. O-O c5 6. e3 Nc6 7. exd4 cxd4 8. d3
Bd6 9. a3 a5 10. Bg5 h6 11. Bxf6 Qxf6 12. Nbd2 Qe7 13. Ne4 Bc7 14. b4 axb4 15.
axb4 Rxa1 16. Qxa1 f5 17. Nc5 O-O 18. Rb1 Nxb4 19. Rxb4 Qxc5 20. Rb5 Qd6 21.
Qxd4 Rd8 22. Qxd6 Rxd6 23. Rc5 Rc6 24. Rxc6 bxc6 25. d4 Ba6 26. c5 Bc4 27. Ne5
Bxe5 28. dxe5 Bd5 29. Bf1 1/2-1/2

[Event "European Hybrid Qual 2021"]
[Site "Tornelo INT"]
[Date "2021.05.27"]
[Round "2.3"]
[White "Hera, Imre Jr."]
[Black "Parligras, Mircea-Emilian"]
[Result "0-1"]
[WhiteTitle "GM"]
[BlackTitle "GM"]
[WhiteElo "2610"]
[BlackElo "2591"]
[WhiteFideId "716855"]
[BlackFideId "1204297"]
[EventDate "2021.05.24"]
[EventType "k.o."]

1. c4 e6 2. g3 d5 3. Bg2 Nf6 4. d4 Bb4+ 5. Nd2 O-O 6. Nf3 b6 7. cxd5 exd5 8. a3
Bd6 9. O-O Bb7 10. Nb1 Nbd7 11. Nc3 a6 12. Nh4 Re8 13. Nf5 Bf8 14. Bf4 Rc8 15.
Rc1 Ne4 16. Nxe4 dxe4 17. b4 Nf6 18. Qc2 Nd5 19. Bxe4 Nxf4 20. Bxb7 Nxe2+ 21.
Kg2 Nxc1 22. Rxc1 g6 23. Bxc8 Qd5+ 24. Kg1 Rxc8 25. Ne3 Qxd4 26. Rd1 Qe5 27. Rd7
c5 28. Ra7 Qe6 29. Qb2 b5 30. Qd2 c4 31. Qd5 Qxd5 32. Nxd5 c3 33. Rxa6 c2 0-1

[Event "European Hybrid Qual 2021"]
[Site "Tornelo INT"]
[Date "2021.05.27"]
[Round "2.4"]
[White "Parligras, Mircea-Emilian"]
[Black "Hera, Imre Jr."]
[Result "1/2-1/2"]
[WhiteTitle "GM"]
[BlackTitle "GM"]
[WhiteElo "2591"]
[BlackElo "2610"]
[WhiteFideId "1204297"]
[BlackFideId "716855"]
[EventDate "2021.05.24"]
[EventType "k.o."]

1. d4 d5 2. Nf3 Nf6 3. c4 e6 4. Nc3 c6 5. e3 Nbd7 6. Qc2 b6 7. Bd3 Bb7 8. O-O
dxc4 9. Bxc4 c5 10. Rd1 Qc8 11. d5 exd5 12. Nxd5 Nxd5 13. Bxd5 Bxd5 14. Rxd5 Be7
15. e4 O-O 16. Bg5 Re8 17. Rad1 Nf8 18. Bxe7 Rxe7 19. e5 Ne6 20. Qe4 h6 21. Rd6
Qb7 22. Qxb7 Rxb7 23. g3 Kf8 24. Rd7 Rab8 25. Kf1 Ke8 26. Rxb7 Rxb7 27. Ke2 Re7
28. Ke3 Nd8 29. Ke4 Nc6 30. Rd6 Na5 31. b3 Nb7 32. Rd5 Nd8 33. Nd2 f6 34. f4
fxe5 35. Rxe5 Nc6 36. Rxe7+ Kxe7 37. g4 Nb4 38. a4 Nc2 39. h4 Nd4 40. b4 Ne2 41.
bxc5 bxc5 42. a5 Kd6 43. f5 Kc6 44. g5 hxg5 45. hxg5 Kd6 46. Nc4+ Ke7 47. Kd5
Ng3 48. f6+ gxf6 49. gxf6+ Kxf6 1/2-1/2

[Event "European Hybrid Qual 2021"]
[Site "Tornelo INT"]
[Date "2021.05.26"]
[Round "2.1"]
[White "Dreev, Aleksey"]
[Black "Kobalia, Mikhail"]
[Result "1/2-1/2"]
[WhiteTitle "GM"]
[BlackTitle "GM"]
[WhiteElo "2647"]
[BlackElo "2587"]
[WhiteFideId "4100107"]
[BlackFideId "4119150"]
[EventDate "2021.05.24"]
[EventType "k.o."]

1. d4 Nf6 2. c4 g6 3. Nf3 Bg7 4. g3 O-O 5. Bg2 d6 6. Nc3 Nbd7 7. O-O e5 8. Qc2
Re8 9. h3 a6 10. dxe5 dxe5 11. Be3 c6 12. b4 Qe7 13. Qb3 Nh5 14. Ne4 Nhf6 15.
Nfd2 Nxe4 16. Nxe4 f5 17. c5+ Kh8 18. Nd6 Rf8 19. Rad1 Nf6 20. Nxc8 1/2-1/2

[Event "European Hybrid Qual 2021"]
[Site "Tornelo INT"]
[Date "2021.05.27"]
[Round "2.2"]
[White "Kobalia, Mikhail"]
[Black "Dreev, Aleksey"]
[Result "1/2-1/2"]
[WhiteTitle "GM"]
[BlackTitle "GM"]
[WhiteElo "2587"]
[BlackElo "2647"]
[WhiteFideId "4119150"]
[BlackFideId "4100107"]
[EventDate "2021.05.24"]
[EventType "k.o."]

1. d4 d5 2. c4 c6 3. Nf3 Nf6 4. Nc3 e6 5. Bg5 h6 6. Bh4 dxc4 7. e4 g5 8. Bg3 b5
9. Be2 Bg7 10. Qc2 O-O 11. Rd1 Nh5 12. e5 Nd7 13. Ne4 g4 14. Nfd2 c5 15. dxc5
Bb7 16. b3 Nxg3 17. hxg3 Bxe4 18. Qxe4 c3 19. Nb1 Nxc5 20. Qc2 Qg5 21. Qxc3 Rac8
22. Qb4 Qxe5 23. Qxg4 Nd3+ 24. Kf1 Nc1 25. Bf3 Rfd8 26. Rxd8+ Rxd8 27. Kg1 Nd3
28. Be2 Qb2 29. Bxd3 Rxd3 30. Kh2 Qxf2 31. Rc1 Rd5 32. Nc3 Rg5 33. Ne4 Rxg4 34.
Nxf2 Rd4 35. Rc8+ Bf8 36. Ra8 Rd7 37. Nh3 e5 38. g4 Kg7 39. Nf2 Rd2 40. Ne4 Rxa2
41. Ng3 Bb4 42. Nh5+ Kh7 43. Nf6+ Kg7 44. Nh5+ Kh7 45. Nf6+ Kg7 46. Nh5+ 1/2-1/2

[Event "European Hybrid Qual 2021"]
[Site "Tornelo INT"]
[Date "2021.05.27"]
[Round "2.3"]
[White "Kobalia, Mikhail"]
[Black "Dreev, Aleksey"]
[Result "0-1"]
[WhiteTitle "GM"]
[BlackTitle "GM"]
[WhiteElo "2587"]
[BlackElo "2647"]
[WhiteFideId "4119150"]
[BlackFideId "4100107"]
[EventDate "2021.05.24"]
[EventType "k.o."]

1. d4 d5 2. c4 e6 3. Nf3 Nf6 4. Nc3 c5 5. cxd5 exd5 6. g3 Nc6 7. Bg2 cxd4 8.
Nxd4 Bc5 9. Nb3 Bb6 10. Nxd5 Be6 11. e4 Bg4 12. Bf3 Bxf3 13. Qxf3 Nxd5 14. exd5
Ne5 15. Qe4 O-O 16. O-O Re8 17. Bd2 Nd7 18. Qf3 Nf6 19. Rad1 Qxd5 20. Qxd5 Nxd5
21. Ba5 Nf6 22. Bxb6 axb6 23. a3 Re2 24. Rd2 Rxd2 25. Nxd2 Rc8 26. Nf3 Ne4 27.
Rd1 f5 28. Rd5 Rc1+ 29. Kg2 Rc2 30. Kg1 Rxf2 31. Rd8+ Kf7 32. Ng5+ Ke7 33. Nxe4
Rxb2 34. Rh8 fxe4 35. Rxh7 Kf6 36. Rh5 g6 37. Rd5 e3 38. Kf1 Rxh2 39. Rb5 Ra2
40. Rxb6+ Kf5 41. Rb4 g5 42. a4 b6 43. Ke1 Rg2 44. Rxb6 Kg4 45. Re6 Kf3 46. Rf6+
Kxg3 47. a5 Ra2 48. a6 g4 49. Re6 Kg2 50. Rg6 g3 51. Re6 Kh2 52. Rh6+ Kg1 53.
Rg6 g2 54. Rh6 Ra1+ 55. Ke2 Ra3 56. Re6 Ra2+ 57. Ke1 Kh2 58. Rh6+ Kg3 59. Rg6+
Kf4 60. a7 Rxa7 61. Rxg2 Kf3 0-1

[Event "European Hybrid Qual 2021"]
[Site "Tornelo INT"]
[Date "2021.05.27"]
[Round "2.4"]
[White "Dreev, Aleksey"]
[Black "Kobalia, Mikhail"]
[Result "1/2-1/2"]
[WhiteTitle "GM"]
[BlackTitle "GM"]
[WhiteElo "2647"]
[BlackElo "2587"]
[WhiteFideId "4100107"]
[BlackFideId "4119150"]
[EventDate "2021.05.24"]
[EventType "k.o."]

1. d4 Nf6 2. Nf3 g6 3. g3 Bg7 4. Bg2 O-O 5. O-O d6 6. b3 e5 7. dxe5 dxe5 8. Bb2
e4 9. Qxd8 Rxd8 10. Nfd2 Bf5 11. Nc4 Nd5 12. Bxg7 Kxg7 13. e3 Nc6 14. Rc1 b5 15.
Ncd2 Nf6 16. g4 Bxg4 17. Nxe4 Nxe4 18. Bxe4 Rd6 19. Nc3 Re8 20. Bxc6 Rxc6 21.
Nxb5 Rc5 22. Nd4 Bh3 23. Kh1 Rg5 24. Rg1 Rxg1+ 25. Rxg1 c5 26. Rg3 Bd7 27. Nf3
Bc6 28. Kg1 Rd8 29. Kf1 Rd1+ 30. Ne1 c4 31. Ke2 Ra1 32. bxc4 Rxa2 33. Kd2 a5 34.
Nd3 Ra1 35. Kc3 Rb1 36. Ne5 Be8 37. c5 a4 38. Nc4 Rb5 39. Kd4 Rb1 40. e4 Rh1 41.
Rg2 h5 42. f4 Bc6 43. Re2 Rf1 44. Ne5 Be8 45. c6 f6 46. c7 fxe5+ 47. Kxe5 Bd7
48. Rd2 Bc8 49. Rd8 Rc1 50. Rxc8 Rxc2 51. Kd6 Rd2+ 52. Kc6 Rc2+ 53. Kd6 Rd2+ 54.
Kc6 Rc2+ 55. Kd6 1/2-1/2

[Event "European Hybrid Qual 2021"]
[Site "Tornelo INT"]
[Date "2021.05.26"]
[Round "2.1"]
[White "Krejci, Jan2"]
[Black "Zvjaginsev, Vadim"]
[Result "0-1"]
[WhiteTitle "GM"]
[BlackTitle "GM"]
[WhiteElo "2540"]
[BlackElo "2614"]
[WhiteFideId "322156"]
[BlackFideId "4113403"]
[EventDate "2021.05.24"]
[EventType "k.o."]

1. c4 e5 2. g3 d6 3. Bg2 Be7 4. Nc3 f5 5. d4 c6 6. e4 Nf6 7. Nge2 fxe4 8. Nxe4
Nxe4 9. Bxe4 Nd7 10. O-O Nf6 11. Bg2 O-O 12. h3 Qe8 13. Nc3 exd4 14. Qxd4 Qh5
15. g4 Qf7 16. f4 Bd8 17. Kh1 Bb6 18. Qd3 h5 19. g5 Ne8 20. b3 Bf5 21. Qd2 Nc7
22. Bb2 Rad8 23. Na4 Ne6 24. Nxb6 axb6 25. Rae1 Nc5 26. g6 Qd7 27. Re3 d5 28.
cxd5 cxd5 29. Qe2 Rfe8 30. Rxe8+ Qxe8 31. Bxd5+ Kf8 32. Qe5 Qxg6 33. Rg1 Rxd5
34. Qc7 Be4+ 35. Kh2 Rd2+ 0-1

[Event "European Hybrid Qual 2021"]
[Site "Tornelo INT"]
[Date "2021.05.27"]
[Round "2.2"]
[White "Zvjaginsev, Vadim"]
[Black "Krejci, Jan2"]
[Result "1/2-1/2"]
[WhiteTitle "GM"]
[BlackTitle "GM"]
[WhiteElo "2614"]
[BlackElo "2540"]
[WhiteFideId "4113403"]
[BlackFideId "322156"]
[EventDate "2021.05.24"]
[EventType "k.o."]

1. Nf3 d5 2. d4 e6 3. c4 a6 4. Bg5 Be7 5. Bxe7 Qxe7 6. Nbd2 Nf6 7. Rc1 O-O 8. g3
Nc6 9. Bg2 Rd8 10. O-O e5 11. dxe5 Nxe5 12. Nxe5 Qxe5 13. cxd5 Bg4 14. Nc4 Qh5
15. Rc2 Bh3 16. e4 Qxd1 17. Rxd1 Bxg2 18. Kxg2 Nxe4 19. Na5 b6 20. Nc4 Kf8 21.
Re1 Re8 22. Ne3 Ra7 23. Rec1 Rc8 24. Rc6 Nc5 25. d6 Ke8 26. Nd5 Kd7 27. Rxc7+
Raxc7 28. dxc7 Kd6 29. Nxb6 Rxc7 30. Nc4+ Kd5 31. Ne3+ Ke4 1/2-1/2

[Event "European Hybrid Qual 2021"]
[Site "Tornelo INT"]
[Date "2021.05.26"]
[Round "2.1"]
[White "Keymer, Vincent"]
[Black "Laznicka, Viktor"]
[Result "0-1"]
[WhiteTitle "GM"]
[BlackTitle "GM"]
[WhiteElo "2591"]
[BlackElo "2647"]
[WhiteFideId "12940690"]
[BlackFideId "316385"]
[EventDate "2021.05.24"]
[EventType "k.o."]

1. d4 d5 2. c4 c6 3. Nf3 Nf6 4. e3 a6 5. Nc3 g6 6. a4 Bg7 7. Be2 O-O 8. O-O Bg4
9. Qb3 Ra7 10. a5 dxc4 11. Qxc4 Nbd7 12. e4 Ra8 13. Rd1 e6 14. h3 Bxf3 15. Bxf3
Qb8 16. Bg5 Rc8 17. Bh4 Qa7 18. Bg3 Re8 19. Rac1 e5 20. d5 Rac8 21. Qa2 Bh6 22.
dxc6 Rxc6 23. Rc2 Qc5 24. Bh4 Ree6 25. Qb1 Qxa5 26. Bg4 Red6 27. Rxd6 Rxd6 28.
Bxd7 Nxd7 29. b4 Qb6 30. Nd5 Qd4 31. Rc8+ Kg7 32. Rd8 Bd2 33. Be7 Rc6 34. Rxd7
Rc1+ 35. Qxc1 Bxc1 36. Bf6+ Kh6 37. Ne7 Qxd7 38. Ng8+ Kh5 39. g4+ Qxg4+ 40.
hxg4+ Kxg4 41. Kg2 Bd2 42. Bxe5 Bxb4 43. Nh6+ Kh5 44. Nxf7 a5 45. f4 a4 46. Kf3
a3 47. Nd6 Bd2 48. Nb5 Bc1 49. Bd6 a2 50. Be5 g5 51. f5 g4+ 52. Kg2 Bf4 53. Bb2
Kg5 54. f6 Kg6 55. e5 h5 56. e6 h4 57. f7 h3+ 58. Kf2 Bh6 59. Nd6 Bf8 60. Nc4
Kf5 61. Ne3+ Kxe6 62. Nxg4 Kxf7 63. Ne5+ Ke6 64. Nd3 Ba3 65. Bg7 Kd5 66. Kg3 Kc4
67. Ne5+ Kb3 68. Nd3 Kc2 69. Ne1+ Kb1 70. Nd3 b5 71. Kxh3 b4 72. Kg2 b3 73. Nf4
b2 0-1

[Event "European Hybrid Qual 2021"]
[Site "Tornelo INT"]
[Date "2021.05.27"]
[Round "2.2"]
[White "Laznicka, Viktor"]
[Black "Keymer, Vincent"]
[Result "1/2-1/2"]
[WhiteTitle "GM"]
[BlackTitle "GM"]
[WhiteElo "2647"]
[BlackElo "2591"]
[WhiteFideId "316385"]
[BlackFideId "12940690"]
[EventDate "2021.05.24"]
[EventType "k.o."]

1. d4 Nf6 2. c4 e6 3. Nf3 d5 4. g3 Bb4+ 5. Bd2 Be7 6. Bg2 O-O 7. O-O c6 8. Qc2
Nbd7 9. Rd1 a5 10. Bf4 h6 11. b3 b5 12. Ne5 Nxe5 13. dxe5 Nd7 14. cxd5 cxd5 15.
e4 d4 16. Rxd4 Qb6 17. Rd1 Bc5 18. h4 Bd4 19. Nc3 Nxe5 20. Qd2 Nc6 21. Rac1 Bc5
22. Qc2 Ba3 23. Nd5 exd5 24. Qxc6 Qxc6 25. Rxc6 dxe4 26. Rc7 Re8 27. Bxe4 Rxe4
28. Rd8+ Kh7 29. Rdxc8 Rxc8 30. Rxc8 Re2 31. Rb8 Bc5 32. Rxb5 Bxf2+ 33. Kf1 Rxa2
34. Bc7 f6 35. h5 Bd4 36. Rxa5 Rc2 37. Bd6 Rf2+ 38. Ke1 Rh2 39. Rd5 Bc3+ 40. Kf1
Be5 41. Bxe5 Rxh5 42. b4 fxe5 43. b5 Kg6 44. Kg2 1/2-1/2

[Event "European Hybrid Qual 2021"]
[Site "Tornelo INT"]
[Date "2021.05.26"]
[Round "2.1"]
[White "Polak, Tomas"]
[Black "Erdos, Viktor"]
[Result "0-1"]
[WhiteTitle "GM"]
[BlackTitle "GM"]
[WhiteElo "2553"]
[BlackElo "2614"]
[WhiteFideId "300560"]
[BlackFideId "719978"]
[EventDate "2021.05.24"]
[EventType "k.o."]

1. d4 Nf6 2. c4 g6 3. Nc3 d5 4. cxd5 Nxd5 5. e4 Nxc3 6. bxc3 Bg7 7. Nf3 c5 8.
Rb1 O-O 9. Be2 cxd4 10. cxd4 Qa5+ 11. Bd2 Qxa2 12. O-O Bg4 13. Be3 Nc6 14. Rxb7
Rab8 15. Rxb8 Rxb8 16. h3 Bxf3 17. Bxf3 Rd8 18. d5 Ne5 19. Bg5 Bf6 20. Bxf6 exf6
21. Qd4 Rb8 22. Ra1 Rb1+ 23. Rxb1 Qxb1+ 24. Bd1 Qd3 25. Qa4 Kg7 26. g3 a5 27.
Kg2 Nc4 28. Qc2 Qd4 29. Bf3 a4 30. Qa2 Nd2 31. Qa3 Qc4 32. Qa1 Qd3 33. Bg4 a3 0-1

[Event "European Hybrid Qual 2021"]
[Site "Tornelo INT"]
[Date "2021.05.27"]
[Round "2.2"]
[White "Erdos, Viktor"]
[Black "Polak, Tomas"]
[Result "1/2-1/2"]
[WhiteTitle "GM"]
[BlackTitle "GM"]
[WhiteElo "2614"]
[BlackElo "2553"]
[WhiteFideId "719978"]
[BlackFideId "300560"]
[EventDate "2021.05.24"]
[EventType "k.o."]

1. e4 b6 2. d4 Bb7 3. Bd3 e6 4. Nf3 d6 5. Nc3 Nd7 6. Ne2 g6 7. Ng3 Bg7 8. c3 Ne7
9. O-O h6 10. Re1 O-O 11. Be3 f5 12. exf5 exf5 13. Bd2 f4 14. Qe2 fxg3 15. Qxe7
gxf2+ 16. Kxf2 Rf6 17. Bc4+ Kh8 18. Kg1 c5 19. d5 a6 20. a4 Qc7 21. Qe4 Kg8 22.
Qg4 Nf8 23. Rad1 Qf7 24. Bc1 Re8 25. Rxe8 Qxe8 26. Bb3 g5 27. Bc2 Bc8 28. Qe4
Qh5 29. Qe2 Qf7 30. Nd2 Rf4 31. Re1 Bg4 32. Qxa6 Be5 33. Ne4 Qh5 34. Bxf4 gxf4
35. Qf1 Ng6 36. Nf2 Nh4 37. Nxg4 Qxg4 38. Re4 Nf5 39. Qd3 c4 40. Rxc4 Nh4 41.
Qf1 Qg5 42. Be4 f3 43. Bxf3 Nxf3+ 44. Qxf3 Qc1+ 45. Kf2 Qc2+ 46. Qe2 Qf5+ 47.
Qf3 Qc2+ 48. Qe2 Qf5+ 49. Qf3 Qc2+ 1/2-1/2